000 00940nam a22003258i 4500
999 _c2515
_d2515
001 022098619
003 UkOxU
005 20230704155159.0
008 180215s2018 enk 000|0|eng|d
015 _aGBB866785
_2bnb
016 7 _a018829586
_2Uk
020 _a9781510421288 (pbk.) :
035 _a(Uk)018829586
035 _a(StEdALDL)1/3684854
040 _aStDuBDS
_beng
_erda
_cStDuBDS
_dKH8
049 _aCROBAR
082 0 4 _a330.076 HOA
100 1 _aHoang, Paul,
_eauthor.
245 1 0 _aEconomics.
_nCambridge IGCSE and O Level,
_pWorkbook /
_cPaul Hoang, Margaret Ducie.
250 _aSecond edition.
263 _a201806
264 1 _aLondon :
_bHodder Education,
_c2018.
300 _a1 volume ;
_c30 cm
336 _atext
_2rdacontent
337 _aunmediated
_2rdamedia
338 _avolume
_2rdacarrier
650 0 _aEconomics
_vProblems, exercises, etc.
700 1 _aDucie, Margaret,
_eauthor.
942 _2ddc
_cTR